000 00591nam a2200193Ia 4500
005 20260120124559.0
008 008 260114s9999 xx 000 0 eng d
020 _a9780857247537
037 _aEBOOK
040 _aCRL
_beng
_cCRL
041 _aeng
_2eng
084 _qCRL
245 4 _aThe Impact of the Global Financial Crisis on Emerging Financial Markets
260 _bEmerald Publishing
_c2011
700 _aJonathan A. Batten
_9908009
856 _uhttps://www.emerald.com/insight/publication/doi/10.1108/S1569-3759(2011)93
942 _cEBOOK
999 _c1499898
_d1499898